| 000 | 00654nam a22002177a 4500 | ||
|---|---|---|---|
| 003 | OSt | ||
| 005 | 20150311185107.0 | ||
| 008 | 150128b xxu||||| |||| 00| 0 eng d | ||
| 020 | _a84-348-2032-3 | ||
| 040 | _cBMC | ||
| 082 | _a808.068083 | ||
| 100 | 1 |
_aRodari, Gianni _d1920-1980 _930751 |
|
| 245 | 1 | 4 |
_aLos enanos de Mantua _cGianni Rodari ; [traducción del italiano, Manuel Barbadillo] |
| 260 |
_aMadrid _bSM _c1986 |
||
| 300 |
_a62 p. _bil. _c19 cm |
||
| 490 |
_aPrimeros lectores _v94 |
||
| 595 | _aTraducción de: I nani di Mantova | ||
| 650 | 2 | 4 |
_929811 _aCuentos infantiles |
| 700 | 1 |
_aBarbadillo, Manuel _d1928-2007 _930750 |
|
| 942 |
_2ddc _cBK |
||
| 999 |
_c17805 _d17805 |
||